00391 2200157 4500001002100000005001500021035002000036245004800056100002000104300001200124260004100136082000800177084001400185020002200199990001200221INLIS00000000000176220250505030910 a0010-05250000541 aCinta Yang Terus Menanti /cAi Deti Lestari0 aAi Deti Lestari a196 hlm aJakarta :bTransMedia Pustaka,c2017 a813 a813 AI c a978-602-1036-64-8 a0754605